|
|
|
|
| LEADER |
00000nab a2200000uu 4500 |
| 001 |
vtls010878198 |
| 003 |
SK-MaSNL |
| 005 |
20260303163310.0 |
| 008 |
230303|2010 xo |||||||||||||||||eng| |
| 015 |
|
|
|a SNBRB
|
| 035 |
|
|
|a (urnnbn)urn:nbn:sk:snk:ar-005utl
|
| 035 |
|
|
|a (uuid)f75033c2-1bdc-4bce-9432-53c5cfa08158
|
| 035 |
|
|
|a urn:nbn:sk:snk-ab7mfw
|
| 040 |
|
|
|a SNKBUCL
|b slo
|c SNKBUCL
|e AACR2
|
| 041 |
0 |
|
|a eng
|
| 044 |
|
|
|a xo
|c SK
|
| 100 |
1 |
|
|a Fazlur Rahman Nawaz Khan
|4 aut
|9 1187508
|
| 245 |
1 |
0 |
|a ZnO nanoparticles in the synthesis of AB ring core of camptothecin
|c Fazlur Rahman Nawaz Khan, Selvaraj Mohana Roopan
|
| 700 |
1 |
|
|a Selvaraj Mohana Roopan
|4 aut
|9 1187509
|
| 773 |
0 |
|
|t Chemical papers
|g Roč. 64, č. 6 (2010), s. [812]-817
|
| 958 |
|
|
|a OND
|
| 958 |
|
|
|a EUIPO
|
| 958 |
|
|
|a article8
|
| 999 |
|
|
|c 2059613
|d 2061543
|